|
|
|
|
| LEADER |
01084nam a2200289 u 4500 |
| 001 |
10029841 |
| 003 |
upatras |
| 005 |
20210117210014.0 |
| 008 |
990123s1997 uk eng |
| 020 |
|
|
|a 3540761217
|
| 040 |
|
|
|a GR-PaULI
|c GR-PaULI
|
| 041 |
0 |
|
|a eng
|
| 082 |
0 |
4 |
|a 511.3
|
| 100 |
1 |
|
|a Hofmann, Martin
|9 96489
|
| 245 |
1 |
0 |
|a Extensional constructs in intensional type theory
|c Martin Hofmann
|
| 260 |
|
|
|a Berlin
|b Springer
|c 1997
|
| 300 |
|
|
|a xii, 214 p.
|c 24 cm.
|
| 490 |
0 |
|
|a CPHC/BCS distinguished dissertations
|
| 504 |
|
|
|a Includes bibliographical references and index
|
| 650 |
|
4 |
|a Λογική, Συμβολική και μαθηματική
|9 472
|
| 650 |
|
4 |
|a Λογική
|9 325
|
| 760 |
0 |
|
|a CPHC/BCS distinguished dissertations
|
| 852 |
|
|
|a GR-PaULI
|b ΠΑΤΡΑ
|b ΜΑΘΗΜΑΤΙΚΟ
|k ΑΣΧΞ
|h 511.3 H
|m 044987
|p 025000058127
|t 1
|
| 942 |
|
|
|2 ddc
|c BK15
|
| 952 |
|
|
|0 0
|1 0
|4 0
|6 511_300000000000000_H
|7 0
|9 198255
|a LISP
|b LISP
|d 2016-04-24
|i 044987
|l 0
|o 511.3 H
|p 025000058127
|r 2016-04-24 00:00:00
|t 1
|w 2016-04-24
|y BK15
|
| 998 |
|
|
|c ΣΥΨΑ
|d 1999-09
|
| 999 |
|
|
|c 121743
|d 121743
|